LEADER 00994nam a2200217 i 4500 001 000000032989 003 CaOOAMICUS 005 20180830125450.0 008 180830s1976 it u000 u ita u 040 $aSeMil$bita 100 1 $aTerenzio, Vincenzo.$0(OLS)http://semarc/name/15168 245 13$aLa musica italiana nell'Ottocento /$cVincenzo Terenzio. 260 $aBusto Arsizio :$bEd. Bramante,$ccopyr. 1976. 300 $a2 v. (769 p.) ;$c26 cm. 500 $aIn custodia. 650 4$aMusica - Italia - Storia - Sec. 19.$0(OLS)http://semarc/subject/5286 773 0 $tStoria della musica italiana.$dBusto Arsizio : Ed. Bramante, copyr. 1969-copyr. 1985.$w()32985 774 0 $t[1].$kStoria della musica italiana : da Sant'Ambrogio a noi$w()247700 774 0 $t[2].$kStoria della musica italiana : da Sant'Ambrogio a noi$w()247701 996 $6245$aLa musica italiana nell'Ottocento$9(OLS)http://semarc/title/44661 996 $6260$aBusto Arsizio :$bEd. Bramante$9(OLS)http://semarc/publisher/39469 LEADER 01060nam a2200253 i 4500 001 000000064054 003 CaOOAMICUS 005 20101126000000.0 008 101126s1987 it u000 u ita u 013 $a35226 040 $aSeMil$bita 100 1 $aSemenza, Elena.$0(OLS)http://semarc/name/17211 245 10$aDon Carlo Gnocchi :$bun uomo del suo tempo /$cE. Semenza, A. Colombo. 260 $aPavia :$bLogos International,$c1987. 300 $a319 p., [1] p. di tav. :$bill. ;$c25 cm. 500 $aCon dedica autografa degli autori. - Fondo Card. C.M. Martini. 600 14$aGnocchi, Carlo .$0(OLS)http://semarc/subject/2274 700 1 $aColombo, Aldo.$0(OLS)http://semarc/name/32222 850 $aSeMil 852 $aSeMil$W1$xVenegono$y1$m3J VI 244$j30207$B30207$CSeMilBibl$Z2$F30210 $81 941 1 $a4 961 $aOmaggio: Martini Card. Carlo Maria 996 $6245$aDon Carlo Gnocchi :$bun uomo del suo tempo$9(OLS)http://semarc/title/101294 996 $6260$aPavia :$bLogos International$9(OLS)http://semarc/publisher/42517